[Event "Barcelona 2nd"]
[Site "Barcelona"]
[Date "2019.06.01"]
[Round "8.3"]
[White "Gibert Carafi, Enric"]
[Black "Costa Trave, Jaume"]
[Result "1/2-1/2"]
[WhiteElo "1901"]
[BlackElo "1928"]
[PlyCount "87"]
[EventDate "2019.04.06"]
[EventType "tourn"]
[EventRounds "9"]
[EventCountry "ESP"]
[SourceTitle "EXT 2024"]
[Source "ChessBase"]
[SourceDate "2023.10.10"]
[SourceVersion "1"]
[SourceVersionDate "2023.10.10"]
[SourceQuality "1"]

1. c4 e6 2. Nc3 d5 3. e3 c6 4. Nf3 Nf6 5. d4 Bd6 6. b3 Nbd7 7. Bb2 a6 8. Bd3 e5 9. dxe5 Nxe5 10. cxd5 cxd5 11. Be2 0-0 12. Nxe5 Bxe5 13. 0-0 d4 14. Na4 d3 15. Bxe5 dxe2 16. Qxe2 b5 17. Bxf6 Qxf6 18. Nc5 Qg5 19. Rac1 Bg4 20. f3 Bh5 21. Ne4 Qe7 22. Ng3 Bg6 23. Rc3 Rfe8 24. Rfc1 f5 25. Nf1 Rad8 26. Rc6 Rd6 27. Rxd6 Qxd6 28. Rd1 Qe5 29. Qd2 Bf7 30. Qd4 Qc7 31. Ng3 g6 32. e4 f4 33. Ne2 g5 34. Rc1 Qa5 35. Qc5 h6 36. Nc3 Rd8 37. h4 Rd2 38. b4 Qa3 39. Nb1 Qxa2 40. Nxd2 Qxd2 41. hxg5 h5 42. g6 Bc4 43. Rxc4 Qe1+ 44. Kh2 1/2-1/2

[Event "Barcelona 2nd"]
[Site "Barcelona"]
[Date "2019.04.06"]
[Round "1.2"]
[White "Gibert Carafi, Enric"]
[Black "Casado Hamed, Sergi"]
[Result "1-0"]
[WhiteElo "1901"]
[BlackElo "1700"]
[PlyCount "77"]
[EventDate "2019.04.06"]
[EventType "tourn"]
[EventRounds "9"]
[EventCountry "ESP"]
[SourceTitle "EXT 2024"]
[Source "ChessBase"]
[SourceDate "2023.10.10"]
[SourceVersion "1"]
[SourceVersionDate "2023.10.10"]
[SourceQuality "1"]

1. c4 e5 2. Nc3 Bb4 3. Nd5 Nc6 4. a3 Bc5 5. e3 Nf6 6. b4 Be7 7. Bb2 a6 8. b5 axb5 9. cxb5 Nxd5 10. bxc6 bxc6 11. Qc2 Bf6 12. Nf3 Qe7 13. d4 exd4 14. Nxd4 Bxd4 15. Bxd4 0-0 16. Bd3 h6 17. 0-0 Kh8 18. Rae1 Rxa3 19. Bc5 Rc3 20. Bxe7 Rxc2 21. Bxc2 Nxe7 22. Ra1 d6 23. Ra8 Kg8 24. Rb1 g6 25. Rbb8 Kg7 26. Ba4 Re8 27. Bxc6 Nxc6 28. Rxc8 Re4 29. Ra1 d5 30. Rxc7 Rc4 31. g3 Kf6 32. Ra6 Kf5 33. Raxc6 Rb4 34. Kg2 Ke4 35. Rf6 Kd3 36. Rf4 Rb5 37. Kf3 h5 38. Rc6 Ra5 39. Rd4# 1-0